Biblioteca

El occidente cristiano y la invasión de los bárbaros (Registro nro. 69586)

Detalles MARC
000 -LÍDER
Campo fijo de descripción fija 01114nab a2200217 i 4500
001 - NÚMERO DE CONTROL
Campo de control 768714001
003 - IDENTIFICADOR DEL NÚMERO DE CONTROL
Campo de control CO-MdFUSB
005 - FECHA Y HORA DE LA ULTIMA TRANSACCIÓN
control field 20241002062724.0
008 - ELEMENTOS DE LONGITUD FIJA -- INFORMACIÓN GENERAL
Campo fijo de descripción fija -- Información general 240508t1967 sp ||||| |||| 00| 0 spa d
040 ## - FUENTE DE CATALOGACIÓN
Idioma de catalogación spa
Agencia que realiza la transcripción CO-MdFUSB
Agencia que realiza la modificación CO-MdFUSB
041 ## - CÓDIGO DE IDIOMA
Código de idioma para texto/pista de sonido o título separado spa
100 ## - ASIENTO PRINCIPAL--NOMBRE PERSONAL
Nombre personal Szymusiak, Jan Maria,
Término relacionador autor
245 #3 - TÍTULO
Título El occidente cristiano y la invasión de los bárbaros
Mención de responsabilidad / Jan María Szymusiak
520 ## - NOTA DE RESUMEN, ETC.
Nota de sumario, etc. Perspectiva histórica encierra los cuatro siglos que van de la muerte de Teodosio al reinado de Carlomagno y que vieron la agonía de un mundo. En este artículo se señala algunos jalones entre la primera agonía de la civilización mediterránea clásica y la gestación de la civilización europea.
650 #7 - ASIENTO SECUNDARIO DE MATERIA - TERMINO TEMÁTICO
Término temático o nombre geográfico como elemento de entrada Cristianismo
Subdivisión general Historia
Subdivisión cronológica 0030-0600 (Iglesia primitiva)
9 (RLIN) 217
650 #0 - ASIENTO SECUNDARIO DE MATERIA - TERMINO TEMÁTICO
Término temático o nombre geográfico como elemento de entrada Historia de la Iglesia
9 (RLIN) 153
653 ## - TÉRMINO DE INDIZACIÓN - NO CONTROLADO
Término no controlado Invasión bárbaros
773 0# - ASIENTO DE ITEM FUENTE
Biblionumber 49450
Itemnumber 82587
Otro identificador del ítem R2517
Título Revista internacional de teología Concilium
Número de control del registro (CO-MdFUSB)8
Número Internacional Normalizado para Publicaciones Seriadas (ISSN) 0210-1041
Parte(s) relacionada(s) / Volumen., número. (mes año), páginas Número 27, (julio - agosto, 1967), páginas: 19 - 31
Enumeración y primera página página: 19
942 ## - TIPO DE MATERIAL (KOHA)
Tipo de Item KOHA Artículos de Revista
945 ## - INFORMACIÓN LOCAL DEL REGISTRO
Catalogador Catherine Arias Alvarez - Practicante SENA

No hay ítems disponibles.

Biblioteca FUSBC | Teléfono: (57+4) 349 88 10 Ext. 141| WhatsApp (+57) 3005338115 
E-mail: biblioteca@unisbc.edu.co | Calle 76 87-14 Robledo Palenque, Medellín, Colombia

Con tecnología Koha